• AIU
  • Tony Wilmot Memorial Library

The tenacity of ethnicity : (Record no. 32663)

MARC details
000 -LEADER
fixed length control field 01225nam a22003371a 4500
001 - CONTROL NUMBER
control field 740963
005 - DATE AND TIME OF LATEST TRANSACTION
control field 20110718131250.0
008 - FIXED-LENGTH DATA ELEMENTS--GENERAL INFORMATION
fixed length control field 990312s1999 njuab b 001 0 eng
010 ## - LIBRARY OF CONGRESS CONTROL NUMBER
LC control number 99022818
-- 99022818
020 ## - INTERNATIONAL STANDARD BOOK NUMBER
International Standard Book Number 0691006741
020 ## - INTERNATIONAL STANDARD BOOK NUMBER
International Standard Book Number 0691006741
035 ## - SYSTEM CONTROL NUMBER
-- (DLC) 99022818
040 ## - CATALOGING SOURCE
Original cataloging agency DLC
Transcribing agency DLC
Modifying agency DLC
043 ## - GEOGRAPHIC AREA CODE
Geographic area code e-urs--
050 00 - LIBRARY OF CONGRESS CALL NUMBER
Classification number DK759.K53
Item number B35 1999
082 00 - DEWEY DECIMAL CLASSIFICATION NUMBER
Classification number 957.004945
Edition number 21
Item number B198
100 1# - MAIN ENTRY--PERSONAL NAME
Personal name Balzer, Marjorie Mandelstam.
245 14 - TITLE STATEMENT
Title The tenacity of ethnicity :
Remainder of title a Siberian saga in global perspective /
Statement of responsibility, etc Marjorie Mandelstam Balzer.
260 ## - PUBLICATION, DISTRIBUTION, ETC. (IMPRINT)
Place of publication, distribution, etc Princeton, N.J. :
Name of publisher, distributor, etc Princeton University Press,
Date of publication, distribution, etc c1999.
300 ## - PHYSICAL DESCRIPTION
Extent xiv, 326 p. : ill., maps ; 25 cm.
504 ## - BIBLIOGRAPHY, ETC. NOTE
Bibliography, etc Includes bibliographical references (p. [277]-317) and index.
650 #0 - SUBJECT ADDED ENTRY--TOPICAL TERM
Topical term or geographic name as entry element Khanty.
650 #0 - SUBJECT ADDED ENTRY--TOPICAL TERM
Topical term or geographic name as entry element Ethnology
Geographic subdivision Russia (Federation)
-- Siberia.
650 #0 - SUBJECT ADDED ENTRY--TOPICAL TERM
Topical term or geographic name as entry element Indigenous peoples
Geographic subdivision Russia (Federation)
-- Siberia.
651 #0 - SUBJECT ADDED ENTRY--GEOGRAPHIC NAME
Geographic name Siberia (Russia)
General subdivision Ethnic relations.
856 41 - ELECTRONIC LOCATION AND ACCESS
Materials specified Sample text
856 42 - ELECTRONIC LOCATION AND ACCESS
Materials specified Publisher description
906 ## - LOCAL DATA ELEMENT F, LDF (RLIN)
a 7
b cbc
c orignew
d 1
e ocip
f 19
g y-gencatlg
Holdings
Withdrawn status Lost status Source of classification or shelving scheme Damaged status Not for loan Collection code Home library Current library Shelving location Date acquired Cost, normal purchase price Total Checkouts Full call number Barcode Date last seen Price effective from Koha item type
    Library of Congress Classification     General Circulation AIU/NEGST - Tony Wilmot Memorial Library AIU/NEGST - Tony Wilmot Memorial Library General Stacks 01/30/2010 23.95   DK 759.K53B35 1999 R24845K3232 09/02/2019 01/30/2010 Books